000 00199 a2200109 4500
020 _a9788401540783
041 _aspa
100 _aAllende, Isabel
245 _aafrodita
942 _cBK
952 _71
999 _c18498
_d18498